000 00250nam a2200097Ia 4500
005 20251222114405.0
008 251222s1900||||xx |||||||||||||| ||spa||
082 _aDVD0070/R71/1995/Ej.2
245 0 _aMientras estés conmigo:Dead Man Walking
942 _cDVD
999 _c1800
_d1800